[Event "Stay Safe Play From Home 358"]
[Site "Emanuel Lasker Arena"]
[Date "2020.08.05"]
[Round "8"]
[White "Little champs"]
[Black "Lamborghini"]
[Result "0-1"]
[WhiteElo "2199"]
[BlackElo "2322"]
[Annotator "TA"]
[PlyCount "142"]
[EventDate "2020.08.05"]
[EventType "swiss (blitz)"]

{[%evp 10,142,16,20,46,-15,0,0,11,-4,24,0,29,0,1,-49,18,-22,-23,-47,-25,-99,-72,-95,-84,-194,-139,-195,-138,-427,-248,-368,-250,-207,-174,-370,-128,-249,-176,-181,-127,-220,-119,-243,-87,-202,-37,-71,-71,-113,-141,-133,-129,-194,-72,-295,-22,-508,-528,-524,-509,-539,-535,-531,-516,-523,-494,-529,-523,-588,-496,-568,-566,-557,-550,-512,-487,-606,-588,-875,-730,-1025,-900,-853,-643,-631,-560,-952,-937,-893,-570,-549,-497,-643,-405,-789,-831,-881,-716,-725,-658,-1675,-1639,-29986,-29987,-29987,-29981,-29988,-29989,-12840,-58,-58,-33,-34,-25,-67,-59,-67,-59,-64,-64,-12835,-12835,-12829,-12835,-12842,-5522,-6536,86,90,12832,8336,1022,-941,1115]} 1. d4 Nf6 2. e3 g6 3. Nf3 Bg7 4. Be2 O-O 5. O-O d6 6. c4 Nc6 {E60: King's Indian: Unusual lines and Fianchetto Variation without Nc3.} 7. Nbd2 (7. Nc3 $14) 7... e5 8. d5 Ne7 {The position is equal.} 9. e4 Ne8 10. Bd3 h6 {[#]} 11. Qc2 $146 ({Predecessor:} 11. b3 f5 12. Bb2 f4 13. Rc1 g5 14. b4 Ng6 15. c5 g4 16. Ne1 f3 17. g3 {0-1 (50) Perera,D (1227)-Bandara,A (1750) Negambo 2017}) 11... f5 12. Ne1 f4 (12... c6 $15) 13. f3 g5 14. Nb3 Ng6 15. g3 (15. c5 $11 {keeps the balance.}) 15... Rf7 16. g4 Bf8 17. Ng2 (17. h3 $17 {might work better.}) 17... h5 (17... Nf6 $19 18. c5 dxc5) 18. h3 (18. gxh5 $17 Ne7 19. Bd2) 18... Rh7 (18... Nf6 $19 19. Ne1 Rh7) 19. Be2 $2 {[%mdl 8192]} (19. Ne1 $17) 19... Nf6 (19... Qf6 $142 20. c5 dxc5) 20. Kf2 (20. Qd3 {was necessary.}) 20... Be7 21. Ke1 Kg7 22. Bd2 $2 (22. Kd1) 22... Rh6 $2 (22... hxg4 $19 23. hxg4 Rh2) 23. Qd3 (23. Kd1 $17) 23... Qh8 24. Kd1 b6 (24... hxg4 $19 25. hxg4 Rh3) 25. Kc2 (25. Bc3 $17) 25... Bd7 (25... hxg4 $19 26. hxg4 Rh3) 26. Rad1 (26. Bc3 $17) 26... Qh7 $2 (26... hxg4 $19 {and Black stays clearly on top.} 27. hxg4 Rh3) 27. Kb1 (27. h4 $17 Ng8 28. hxg5 Bxg5 29. gxh5 Rxh5 30. Kb1) 27... Rh8 $2 ({Black should play} 27... hxg4 $1 $19 28. hxg4 Rh3) 28. Bc1 Qg8 29. Qd2 hxg4 30. hxg4 Rh2 31. Ne1 {[#]} (31. Rg1 $17) 31... Nh4 (31... Bxg4 $1 $19 {[%mdl 512]} 32. Qc2 (32. fxg4 $2 Nxe4 33. Qd3 Ng3 $19 {[%mdl 64] Double Attack}) 32... Bd7) 32. Nd3 $2 {[#]} (32. Qc2 $17) 32... Be8 $2 (32... Nxf3 $1 $19 {[%mdl 512]} 33. Rxf3 (33. Bxf3 Rxd2) 33... Bxg4) 33. Rh1 $2 {[%mdl 8192] [#]} (33. Rf2 $11 {and White stays safe.} Rxf2 34. Nxf2) 33... Nxf3 $1 $19 {[%mdl 512]} 34. Bxf3 Rxd2 35. Bxd2 Rxh1 36. Rxh1 Bd7 37. Nf2 a5 38. Nc1 c6 39. Ne2 b5 40. dxc6 Bxc6 41. cxb5 Bxb5 42. Nc3 Bc6 43. Bc1 Qc4 44. Be2 Qc5 45. Nd3 Qb6 46. Bf3 Qb7 {[%cal Rf6e4]} 47. Re1 d5 48. Nxe5 dxe4 49. Nxc6 Qxc6 50. Nxe4 Nxe4 51. Bxe4 Qc5 52. Bd2 (52. Rd1 $142) 52... Bf6 53. Bc2 Qf2 54. Rd1 f3 55. a3 Qe2 56. Re1 Qxd2 57. Rd1 Qe3 58. Rd3 Qb6 {[%csl Gf6][%cal Rb6b2]} 59. Rb3 Qxb3 $2 (59... Qc6 $19 60. a4 f2) 60. Bxb3 {[%mdl 4096] Endgame KB-KB} f2 (60... Bd4 {looks sharper.} 61. Kc2 Kf6 62. Kd3 Ke5 63. Bd1 f2) 61. Bc4 Bd4 62. Bf1 Kf6 63. Kc2 Ke5 {White must now prevent ...Kf4.} 64. b4 a4 {...Kf4 is the strong threat.} 65. b5 $2 {[%mdl 8192]} (65. Kd3 $15) 65... Bb6 66. Kd3 Kf4 67. Kc3 Kg3 (67... Kxg4 $142 68. Kc4 Kf3) 68. Kb4 Kh2 $2 ({Better is} 68... Kxg4 $19 69. Kc4 Kf3) 69. Kxa4 {Threatens to win with Kb4.} Kg1 $2 {[%mdl 8192]} (69... Kg3 $16 70. Be2 Kf4) 70. Bc4 Kg2 71. Bd3 $4 {[%mdl 8192]} (71. Be2 $18 Bd8 72. Kb4 Be7+ 73. Kb3) 71... Kg1 $4 {[%mdl 40960] What a fight! Accuracy: White = 25%, Black = 36%. . Sensor Board Error (Ke4/e5)?} (71... Kf3 $19 72. Kb4 Kxg4) 0-1

[Event "Stay Safe Play From Home 358"]
[Site "Emanuel Lasker Arena"]
[Date "2020.08.05"]
[Round "8"]
[White "SelamiSahin"]
[Black "SoulofWolf"]
[Result "0-1"]
[WhiteElo "2161"]
[BlackElo "2161"]
[Annotator "TA"]
[PlyCount "114"]
[EventDate "2020.08.05"]
[EventType "swiss (blitz)"]

{[%evp 9,114,110,125,123,135,50,138,25,136,12,158,65,72,69,120,82,143,129,171,156,191,160,205,204,205,197,504,522,508,412,404,402,409,389,585,584,566,564,1014,754,1625,1597,2130,1528,1483,1423,1414,1419,1362,1116,1260,1239,1382,1347,1261,1011,1453,1461,29999,1858,29999,1562,1437,1433,1569,301,178,162,1280,1019,967,681,1949,1914,1404,1418,4702,2608,29975,29974,29975,29976,29983,29984,29990,29991,29992,29993,29993,29994,29994,29995,29995,29996,29997,29997,29997,29998,29998,0,0,0,0,-5214,0,0,29991]} 1. d4 c5 2. d5 f6 3. c4 {[#]} Nh6 $146 ({Predecessor:} 3... Qb6 4. Nc3 e5 5. g3 d6 6. Bg2 Bf5 7. e4 Bg6 8. Bh3 h5 9. Qa4+ Ke7 10. f4 {1-0 (45) Harris,B-Ng,N Brisbane 2005}) 4. Nc3 Nf7 5. e4 d6 6. f4 {A43: Schmid Benoni.} e5 7. Nf3 (7. f5 $16) 7... g6 (7... exf4 $1 $14 8. Bxf4 Nd7) 8. Bd3 ({White should try} 8. f5 $16) 8... Bg7 (8... exf4 $1 $11 {remains equal.} 9. Bxf4 Bg7) 9. O-O (9. f5 $16) 9... O-O {[#]} (9... exf4 $1 $11 10. Bxf4 O-O) 10. fxe5 (10. f5 $1 $16) 10... Nxe5 $14 11. Nxe5 dxe5 (11... fxe5 $14 12. Rxf8+ Qxf8) 12. Qe1 Nd7 (12... Nc6 $142) 13. Qg3 a6 14. a4 {[%cal Ba2a4,Ba4a5][%mdl 32]} Qe7 15. a5 Qd6 16. Be3 Rf7 17. h4 h5 $2 (17... Qf8 {is a better chance.} 18. Be2 f5) 18. Qxg6 $18 Nf8 19. Qg3 Bg4 20. Be2 Qd7 21. Bxg4 hxg4 (21... Qxg4 {was called for.} 22. Qxg4 hxg4) 22. Rf5 Ng6 23. Qxg4 Nh8 24. h5 Kf8 25. h6 Re8 26. hxg7+ Rxg7 27. Rxf6+ Kg8 28. Qxd7 Rxd7 29. Rf3 Rg7 30. Raf1 Ng6 31. Rf6 Nh4 32. R6f2 Ree7 33. Bh6 Rh7 34. Bg5 (34. Rf8# $142) 34... Reg7 35. Bxh4 (35. Rf8# $142) 35... Rxh4 36. b3 Kh7 37. g3 $2 (37. Na4 Rxe4 38. Nxc5) 37... Rxg3+ 38. Rg2 Rhh3 $2 (38... Rxc3 39. Rf7+ {[%mdl 64] Double Attack} Kh6 40. Rxb7 Rxe4) 39. Ne2 Rxb3 40. Rh2 Kh6 41. Rxh3+ Rxh3 {[%mdl 4096] Endgame KRN-KR} 42. Rf5 Re3 43. Kf2 Rxe4 44. Kf3 Rh4 45. Rxe5 Rh3+ 46. Ke4 Ra3 47. d6 Ra1 48. d7 Rd1 49. Rd5 Re1 50. d8=Q Rxe2+ {[#]} 51. Kf3 $1 Re1 52. Qg5+ Kh7 53. Rd7+ {[%mdl 64] Double Attack} Re7 54. Qg7+ $2 (54. Rxe7+ {mates} Kh8 55. Qg7#) 54... Rxg7 $11 55. Rxg7+ Kxg7 56. Kf4 $2 {[%mdl 8192]} (56. Ke4 $11 Kf6 57. Kd5) 56... Kf7 $2 ({Better is} 56... Kf6 $19 57. Ke4 Ke6) 57. Ke5 {Kd6 would kill now.} b6 $2 {[%mdl 40960] Accuracy: White = 54%, Black = 27%. . Loss on time!?} (57... Ke8 $11) 0-1

[Event "Stay Safe Play From Home 358"]
[Site "Emanuel Lasker Arena"]
[Date "2020.08.05"]
[Round "8"]
[White "Haris kollari 13"]
[Black "Stefanone"]
[Result "1-0"]
[WhiteElo "1715"]
[BlackElo "1936"]
[Annotator "NA RC"]
[PlyCount "55"]
[EventDate "2020.08.05"]
[EventType "swiss (blitz)"]

1. e4 {[%emt 0:00:01]} e6 {[%emt 0:00:01]} 2. f4 {[%emt 0:00:01]} d5 {[%emt 0:00:00]} 3. e5 {[%emt 0:00:00]} d4 {[%emt 0:00:01]} 4. Nf3 {[%emt 0:00:00]} c5 {[%emt 0:00:00]} 5. d3 {[%emt 0:00:01]} Nc6 {[%emt 0:00:01]} 6. Nbd2 {[%emt 0:00:00]} Nge7 {[%emt 0:00:01]} 7. Ne4 {[%emt 0:00:01]} Nf5 {[%emt 0:00:01]} 8. Bd2 {[%emt 0:00:02]} Be7 {[%emt 0:00:01]} 9. Be2 {[%emt 0:00:01]} O-O {[%emt 0:00:01]} 10. g4 {[%emt 0:00:01]} Nh6 {[%emt 0:00:02]} 11. h3 {[%emt 0:00:02]} f6 {[%emt 0:00:01]} 12. exf6 {[%emt 0:00:02]} gxf6 {[%emt 0:00:02]} 13. O-O {[%emt 0:00:02]} Nf7 {[%emt 0:00:01]} 14. Qe1 {[%emt 0:00:03]} Kh8 {[%emt 0:00:01]} 15. Qg3 {[%emt 0:00:02]} e5 {[%emt 0:00:01]} 16. f5 {[%emt 0:00:01]} Rg8 {[%emt 0:00:03]} 17. Kh2 {[%emt 0:00:05]} Nh6 {[%emt 0:00:01]} 18. Qh4 {[%emt 0:00:02]} Qf8 {[%emt 0:00:03]} 19. Bxh6 {[%emt 0:00:02]} Qxh6 {[%emt 0:00:02]} 20. Qxh6 {[%emt 0:00:01]} Rg7 {[%emt 0:00:00]} 21. Nxf6 {[%emt 0:00:02]} Bxf6 {[%emt 0:00:01]} 22. Qxf6 {[%emt 0:00:01]} Bd7 {[%emt 0:00:00]} 23. Nxe5 {[%emt 0:00:01]} Nxe5 {[%emt 0:00:02]} 24. Qxe5 {[%emt 0:00:01]} Bc6 {[%emt 0:00:00]} 25. Bf3 {[%emt 0:00:02]} Rag8 {[%emt 0:00:02]} 26. f6 {[%emt 0:00:01]} Rf7 {[%emt 0:00:01]} 27. Bxc6 {[%emt 0:00:01]} Rgf8 {[%emt 0:00:00] Stefanone abbandona Stefanone abbandona Stefanone abbandona Stefanone abbandona Stefanone abbandona} 28. Bd5 {[%emt 0:00:02] (Lag: Av=0.32s, max=0.4s) (Lag: Av=0.32s, max=0.4s) (Lag: Av=0.32s, max=0.4s) (Lag: Av=0.32s, max=0.4s) (Lag: Av=0.32s, max=0.4s)} 1-0

[Event "Stay Safe Play From Home 358"]
[Site "Emanuel Lasker Arena"]
[Date "2020.08.05"]
[Round "8"]
[White "Trotsky"]
[Black "TheCHESSHOUSE"]
[Result "0-1"]
[WhiteElo "1619"]
[BlackElo "2086"]
[Annotator "TA"]
[PlyCount "66"]
[EventDate "2020.08.05"]
[EventType "swiss (blitz)"]

{[%evp 9,66,24,23,-25,12,0,12,17,0,-10,28,0,-7,-157,-181,-163,-127,-179,83,-211,-210,-209,-116,-120,-111,-159,-159,-199,-205,-503,-267,-256,-259,-335,-325,-337,-325,-302,-275,-276,-284,-337,-219,-1028,-1008,-1053,-1044,-1039,-1028,-1509,-1496,-1645,-1650,-1615,-1605,-2216,-2202,-2050,-2043]} 1. d4 Nf6 2. e3 g6 3. c4 Bg7 4. Nc3 d6 5. Bd3 O-O 6. Qc2 {E61: King's Indian: Early deviations for White, including Smyslov System.} Nc6 7. a3 e5 8. d5 {The position is equal.} Ne7 9. Nf3 {[#]} Ne8 $146 ({Predecessor:} 9... Nh5 10. h3 f5 11. Nh2 Nf6 12. Bd2 c6 13. O-O-O cxd5 14. cxd5 Bd7 15. Kb1 Rc8 {0-1 (48) Bende,E-Lantos,L Hungary 1996}) 10. Ng5 h6 11. h4 (11. Nf3 $11) 11... hxg5 $17 12. hxg5 Bf5 13. Bd2 (13. e4 $17 {was called for.} Bd7 14. f3) 13... Qd7 $2 {[#]} ({Black should try} 13... Bxd3 $19 14. Qxd3 c6) 14. O-O-O $2 {[%mdl 8192]} (14. e4 $1 $16 {is forced if you want to stay better.}) 14... Bxd3 $19 15. Qxd3 Qf5 (15... c6 $19 16. e4 Nc7) 16. e4 $17 Qd7 ({Don't go for} 16... Qxf2 $2 17. Qh3 $18) 17. Ne2 f5 {Strongly threatening ...fxe4.} 18. Qh3 Kf7 19. Ng3 $2 (19. Qb3 {keeps fighting.}) 19... c6 {[#] ...Rh8 is the strong threat.} 20. exf5 Nxf5 {[%cal Be7f5,Bf5d4,Bd4c2][%mdl 32]} 21. Qg4 cxd5 22. cxd5 Rc8+ 23. Kb1 Rc7 24. Ne4 Nd4 25. Qg3 Qf5 26. Ka1 $2 (26. Qd3) 26... Qxe4 $19 {Black is clearly winning.} 27. Bc3 Nc2+ 28. Ka2 Qc4+ 29. b3 Qxc3 30. Qf3+ Qxf3 31. gxf3 Nd4 32. Rhe1 Rc2+ 33. Kb1 Rxf2 {Accuracy: White = 36%, Black = 44%.} 0-1

[Event "Stay Safe Play From Home 358"]
[Site "Emanuel Lasker Arena"]
[Date "2020.08.05"]
[Round "8"]
[White "Ao017545"]
[Black "Greblha"]
[Result "1-0"]
[WhiteElo "1489"]
[BlackElo "1968"]
[Annotator "NA RC"]
[PlyCount "69"]
[EventDate "2020.08.05"]
[EventType "swiss (blitz)"]

1. e4 {[%emt 0:00:01]} c6 {[%emt 0:00:00]} 2. Nf3 {[%emt 0:00:01]} d5 {[%emt 0:00:00]} 3. exd5 {[%emt 0:00:01]} cxd5 {[%emt 0:00:01]} 4. Nc3 {[%emt 0:00:00]} Nc6 {[%emt 0:00:01]} 5. d4 {[%emt 0:00:00]} g6 {[%emt 0:00:03]} 6. Bb5 {[%emt 0:00:05]} Bg7 {[%emt 0:00:01]} 7. Bf4 {[%emt 0:00:01]} Bd7 {[%emt 0:00:01]} 8. Bxc6 {[%emt 0:00:06]} Bxc6 {[%emt 0:00:01]} 9. Be5 {[%emt 0:00:00]} f6 {[%emt 0:00:01]} 10. Bf4 {[%emt 0:00:02]} Nh6 {[%emt 0:00:01]} 11. Bxh6 {[%emt 0:00:01]} Bxh6 {[%emt 0:00:01]} 12. Qe2 {[%emt 0:00:02]} O-O {[%emt 0:00:01]} 13. Qe6+ {[%emt 0:00:02]} Kg7 {[%emt 0:00:01]} 14. O-O {[%emt 0:00:02]} Rf7 {[%emt 0:00:01]} 15. Rae1 {[%emt 0:00:03]} Qd6 {[%emt 0:00:02]} 16. Qg4 {[%emt 0:00:02]} Re8 {[%emt 0:00:02]} 17. Nh4 {[%emt 0:00:01]} e6 {[%emt 0:00:02]} 18. f4 {[%emt 0:00:08]} e5 {[%emt 0:00:06]} 19. Nf5+ {[%emt 0:00:03]} Kh8 {[%emt 0:00:04]} 20. Nxd6 {[%emt 0:00:00]} f5 {[%emt 0:00:02]} 21. Qh4 {[%emt 0:00:06]} Rfe7 {[%emt 0:00:03]} 22. Nxe8 {[%emt 0:00:01]} Rxe8 {[%emt 0:00:01]} 23. Qxh6 {[%emt 0:00:01]} e4 {[%emt 0:00:01]} 24. Ne2 {[%emt 0:00:04]} Kg8 {[%emt 0:00:01]} 25. Ng3 {[%emt 0:00:00]} Re7 {[%emt 0:00:01]} 26. Nh5 {[%emt 0:00:00]} gxh5 {[%emt 0:00:02]} 27. Re3 {[%emt 0:00:01]} Rg7 {[%emt 0:00:02]} 28. Rg3 {[%emt 0:00:00]} Rxg3 {[%emt 0:00:01]} 29. hxg3 {[%emt 0:00:00]} Bb5 {[%emt 0:00:01]} 30. Re1 {[%emt 0:00:00]} Be8 {[%emt 0:00:01]} 31. Re3 {[%emt 0:00:00]} Bg6 {[%emt 0:00:01]} 32. Rc3 {[%emt 0:00:00]} Kf7 {[%emt 0:00:00]} 33. Rc7+ {[%emt 0:00:00]} Ke6 {[%emt 0:00:00]} 34. Qg7 {[%emt 0:00:01]} Kd6 {[%emt 0:00:02]} 35. Qe7# {[%emt 0:00:00] (Lag: Av=0.61s, max=0.8s) (Lag: Av=0.61s, max=0.8s) (Lag: Av=0.61s, max=0.8s) (Lag: Av=0.61s, max=0.8s) (Lag: Av=0.61s, max=0.8s)} 1-0

[Event "Stay Safe Play From Home 358"]
[Site "Emanuel Lasker Arena"]
[Date "2020.08.05"]
[Round "9"]
[White "NTBT_DHS"]
[Black "Lamborghini"]
[Result "1-0"]
[WhiteElo "2626"]
[BlackElo "2333"]
[Annotator "TA"]
[PlyCount "49"]
[EventDate "2020.08.05"]
[EventType "swiss (blitz)"]

{[%evp 10,48,16,0,17,0,0,-3,0,-13,22,-27,78,-18,71,78,108,95,90,-33,66,-94,-104,-99,0,-205,-201,-423,-116,-143,0,-208,704,692,620,620,29993,29994,29996,29997,29999]} 1. d4 Nf6 2. Nc3 g6 3. Bg5 d6 4. e4 Bg7 5. e5 Nfd7 6. f4 Nb6 {B07: Pirc Defence: Miscellaneous Systems.} 7. Nf3 f6 8. Bh4 O-O {The position is equal.} 9. Qd2 {[#]} Bg4 $146 ({Predecessor:} 9... dxe5 10. fxe5 fxe5 11. dxe5 Qxd2+ 12. Kxd2 Nc6 13. Re1 Bg4 14. e6 Rxf3 15. gxf3 Bh6+ {0-1 (50) Leks,H (2199)-Rajlich,I (2411) Germany 2007}) 10. Be2 Nc6 (10... fxe5 $11 11. fxe5 dxe5) 11. O-O-O (11. d5 $16 Nb8 12. exf6 Bxf6 13. Bxf6 exf6 14. O-O) 11... d5 (11... fxe5 $11 {keeps the balance.} 12. dxe5 dxe5) 12. h3 $16 Bxf3 13. Bxf3 e6 14. g4 ({White should play} 14. Bg4 $16) 14... Qd7 (14... g5 $15 15. exf6 Bxf6 16. fxg5 Bg7) 15. Rhe1 $2 (15. Rhf1 $14) 15... fxe5 $1 $17 16. dxe5 Nxe5 (16... Bxe5 $17 17. fxe5 Rxf3) 17. fxe5 $2 (17. Bxd5 $1 $11 Nec4 18. Bxc4 Qxd2+ 19. Rxd2 Nxc4 20. Rd7) 17... Rxf3 $19 18. Ne4 $2 (18. b3) 18... Qa4 $2 (18... Qb5 $19 {is more deadly.} 19. Nc3 Qa5) 19. Nf6+ $17 {[#]} Bxf6 (19... Kh8 $1 $17 20. Kb1 Qb5) 20. Bxf6 $2 (20. exf6 $11 {and White stays safe.} Rxh3 {[#]} 21. f7+ $1 {[%mdl 512]} Kxf7 22. Qh6) 20... Qxa2 $4 {[%mdl 8192]} (20... Rxh3 $19 21. Kb1 Nc4) 21. Qh6 $18 {[%csl Gf6][%cal Rh6g7]} Qa1+ 22. Kd2 {[%csl Gf6][%cal Rh6g7]} Nc4+ {[#]} 23. Ke2 $1 {[%csl Gf6][%cal Rh6g7][%mdl 512] White mates.} Rxf6 24. exf6 {[%csl Gf6][%cal Rh6g7]} Nd6 25. Qg7# {Accuracy: White = 39%, Black = 38%.} 1-0

[Event "Stay Safe Play From Home 358"]
[Site "Emanuel Lasker Arena"]
[Date "2020.08.05"]
[Round "9"]
[White "Gokerkan"]
[Black "Uber_WING"]
[Result "1-0"]
[WhiteElo "2575"]
[BlackElo "2278"]
[Annotator "RC"]
[PlyCount "175"]
[EventDate "2020.08.05"]
[EventType "swiss (blitz)"]

1. e4 {[%emt 0:00:01]} d5 {[%emt 0:00:01]} 2. exd5 {[%emt 0:00:00]} Qxd5 {[%emt 0:00:00]} 3. Nc3 {[%emt 0:00:01]} Qd6 {[%emt 0:00:00]} 4. d4 {[%emt 0:00:00]} Nf6 {[%emt 0:00:00]} 5. Nf3 {[%emt 0:00:00]} a6 {[%emt 0:00:00]} 6. Ne5 {[%emt 0:00:00]} Nc6 {[%emt 0:00:01]} 7. Bf4 {[%emt 0:00:01]} Nxe5 {[%emt 0:00:01]} 8. dxe5 {[%emt 0:00:00]} Qxd1+ {[%emt 0:00:01]} 9. Rxd1 {[%emt 0:00:00]} Nd7 {[%emt 0:00:00]} 10. Nd5 {[%emt 0:00:01]} Kd8 {[%emt 0:00:01]} 11. e6 {[%emt 0:00:00]} fxe6 {[%emt 0:00:03]} 12. Nxc7 {[%emt 0:00:01]} Ra7 {[%emt 0:00:01]} 13. Nxe6+ {[%emt 0:00:01]} Ke8 {[%emt 0:00:00]} 14. Nc7+ {[%emt 0:00:00]} Kf7 {[%emt 0:00:01]} 15. Bc4+ {[%emt 0:00:01]} Kg6 {[%emt 0:00:01]} 16. O-O {[%emt 0:00:03]} e5 {[%emt 0:00:01]} 17. Bg3 {[%emt 0:00:01]} Bc5 {[%emt 0:00:02]} 18. Ne6 {[%emt 0:00:01]} Bb6 {[%emt 0:00:04]} 19. Bd3+ {[%emt 0:00:01]} Kf6 {[%emt 0:00:01]} 20. Ng5 {[%emt 0:00:00]} Kxg5 {[%emt 0:00:02]} 21. h4+ {[%emt 0:00:01]} Kf6 {[%emt 0:00:01]} 22. Bc4 {[%emt 0:00:02]} Bc5 {[%emt 0:00:03]} 23. Rd5 {[%emt 0:00:03]} b6 {[%emt 0:00:03]} 24. c3 {[%emt 0:00:04]} Re8 {[%emt 0:00:03]} 25. b4 {[%emt 0:00:01]} Bf8 {[%emt 0:00:01]} 26. Re1 {[%emt 0:00:01]} g6 {[%emt 0:00:01]} 27. a4 {[%emt 0:00:02]} Rc7 {[%emt 0:00:01]} 28. Bf1 {[%emt 0:00:03]} Rxc3 {[%emt 0:00:01]} 29. a5 {[%emt 0:00:02]} b5 {[%emt 0:00:01]} 30. Red1 {[%emt 0:00:02]} Bxb4 {[%emt 0:00:03]} 31. Rxd7 {[%emt 0:00:01]} Bxd7 {[%emt 0:00:00]} 32. Rxd7 {[%emt 0:00:00]} Bxa5 {[%emt 0:00:00]} 33. Rd6+ {[%emt 0:00:02]} Re6 {[%emt 0:00:01]} 34. Rd7 {[%emt 0:00:01]} Re7 {[%emt 0:00:01]} 35. Rd6+ {[%emt 0:00:01] Gokerkan offers a draw Gokerkan offers a draw Gokerkan offers a draw Gokerkan offers a draw Gokerkan offers a draw} Re6 {[%emt 0:00:01]} 36. Rd7 {[%emt 0:00:00]} Rc7 {[%emt 0:00:01]} 37. Rd1 {[%emt 0:00:02]} b4 {[%emt 0:00:01]} 38. Rb1 {[%emt 0:00:02]} Rb7 {[%emt 0:00:01]} 39. Bc4 {[%emt 0:00:01]} Reb6 {[%emt 0:00:01]} 40. Bd5 {[%emt 0:00:02]} Rb8 {[%emt 0:00:01]} 41. f4 {[%emt 0:00:01]} exf4 {[%emt 0:00:01]} 42. Bxf4 {[%emt 0:00:00]} Rd8 {[%emt 0:00:00]} 43. Bg5+ {[%emt 0:00:01]} Ke5 {[%emt 0:00:00]} 44. Bxd8 {[%emt 0:00:00]} Kxd5 {[%emt 0:00:00]} 45. Bxb6 {[%emt 0:00:01]} Bxb6+ {[%emt 0:00:00]} 46. Kf1 {[%emt 0:00:00]} Bc5 {[%emt 0:00:00]} 47. Ke2 {[%emt 0:00:00]} a5 {[%emt 0:00:01]} 48. Kd3 {[%emt 0:00:00]} a4 {[%emt 0:00:00]} 49. Ra1 {[%emt 0:00:01]} a3 {[%emt 0:00:00]} 50. Kc2 {[%emt 0:00:00]} Kc6 {[%emt 0:00:00]} 51. Kb3 {[%emt 0:00:01]} Kb5 {[%emt 0:00:00]} 52. Rf1 {[%emt 0:00:00]} h6 {[%emt 0:00:02]} 53. g4 {[%emt 0:00:01]} g5 {[%emt 0:00:00]} 54. h5 {[%emt 0:00:00]} Be3 {[%emt 0:00:01]} 55. Rf5+ {[%emt 0:00:01]} Kc6 {[%emt 0:00:01]} 56. Rf6+ {[%emt 0:00:02]} Kd5 {[%emt 0:00:00]} 57. Rxh6 {[%emt 0:00:00]} Bf4 {[%emt 0:00:00]} 58. Rg6 {[%emt 0:00:01]} a2 {[%emt 0:00:00]} 59. Kxa2 {[%emt 0:00:00]} Kc4 {[%emt 0:00:01]} 60. Kb1 {[%emt 0:00:01]} b3 {[%emt 0:00:00]} 61. h6 {[%emt 0:00:00]} Kb5 {[%emt 0:00:00]} 62. h7 {[%emt 0:00:00]} Kc4 {[%emt 0:00:00]} 63. Rg8 {[%emt 0:00:00]} Be5 {[%emt 0:00:00]} 64. h8=Q {[%emt 0:00:00]} Bxh8 {[%emt 0:00:00]} 65. Rxh8 {[%emt 0:00:00]} Kd4 {[%emt 0:00:00]} 66. Rg8 {[%emt 0:00:00]} Ke3 {[%emt 0:00:00]} 67. Rxg5 {[%emt 0:00:00]} Kf4 {[%emt 0:00:00]} 68. Rg8 {[%emt 0:00:00]} b2 {[%emt 0:00:01]} 69. g5 {[%emt 0:00:00]} Ke5 {[%emt 0:00:00]} 70. g6 {[%emt 0:00:00]} Kf6 {[%emt 0:00:00]} 71. g7 {[%emt 0:00:00]} Kf7 {[%emt 0:00:00]} 72. Rb8 {[%emt 0:00:00]} Kxg7 {[%emt 0:00:00]} 73. Rxb2 {[%emt 0:00:00]} Kg6 {[%emt 0:00:00]} 74. Kc2 {[%emt 0:00:00]} Kf6 {[%emt 0:00:00]} 75. Rb3 {[%emt 0:00:00]} Ke5 {[%emt 0:00:00]} 76. Rc3 {[%emt 0:00:00]} Kd6 {[%emt 0:00:00]} 77. Rd3+ {[%emt 0:00:00]} Ke6 {[%emt 0:00:00]} 78. Kd2 {[%emt 0:00:00]} Kf7 {[%emt 0:00:00]} 79. Re3 {[%emt 0:00:00]} Kg6 {[%emt 0:00:00]} 80. Ke2 {[%emt 0:00:00]} Kf5 {[%emt 0:00:00]} 81. Kd3 {[%emt 0:00:00]} Kf6 {[%emt 0:00:00]} 82. Re4 {[%emt 0:00:00]} Kf7 {[%emt 0:00:00]} 83. Kd4 {[%emt 0:00:00]} Kf8 {[%emt 0:00:00]} 84. Kd5 {[%emt 0:00:00]} Kg7 {[%emt 0:00:00] Uber_WING offers a draw Uber_WING offers a draw Uber_WING offers a draw Uber_WING offers a draw Uber_WING offers a draw} 85. Rf4 {[%emt 0:00:00]} Kg6 {[%emt 0:00:00]} 86. Ke5 {[%emt 0:00:00]} Kh7 {[%emt 0:00:00]} 87. Rf5 {[%emt 0:00:00]} Kg8 {[%emt 0:00:00]} 88. Ke6 {[%emt 0:00:00] TimeB TimeB TimeB TimeB TimeB} 1-0